000 00727cam a2200217 i 4500
001 20076
003 Mx-PuUPA
005 20251010111542.0
008 140415s2017 mx ab gr 000 0 spa d
020 _a9786074745149
040 _cMx-PuUPA
041 0 _aspa
082 0 4 _axx
_bxx
_223
100 1 _aBaños, Pedro
_eautor
245 _aAsí se domina el mundo :
_bdesvelando las claves del poder mundial /
_cPedro Baños
250 _aPrimera edicón /
_bmayo
264 1 _aCiudad de México :
_bEdiciones Culturales Paidós,
_c©2017
300 _a468 páginas :
_bilustraciones, mapas ;
_c23 cm
942 _2ddc
_cLI
_hxx
_ixx
999 _c20076
_d20076